000 00950nam a2200229Ia 4500
999 _c37897
_d37897
001 3875
003 GE_BSU
005 20190816150814.0
008 181216s1970||||ge |||||||||||||| ||geo||
040 _cGE_BSU
041 _ageo
080 _a1(09) გ–59
100 _aგოგიბერიძე, მოსე
_93633
245 _aრჩეული ფილოსოფიური თხზულებანი 3 ტომად :
_b ტ.1 /
_cრედ.: გ.თევზაძე; თ. კოპლატაძე.
264 _aთბ. :
_bთბილ. უნ-ტის გამ-ბა,
_c1970.
300 _a452 გვ.;
_b22 სმ.
653 _aფილოსოფია
653 _aფილოსოფიის ისტორია
700 _aთევზაძე, გ.
_eრედაქტორი
_93650
700 _aკოპლატაძე, თ.
_eრედაქტორი
_93651
942 _cBK
_2udc